000 01165cam a2200373 i 4500
999 _c126666
_d48898
001 126666
003 TR-AnTOB
005 20250828133711.0
007 ta
008 090909s2017 tu b 00001 tur d
020 _a9786053339960
040 _aSULEY
_beng
_erda
_cSULEY
_dTR-AnTOB
041 0 _atur
049 _aMAIN
050 1 4 _aKKX500
090 _aKKX500
_b.A45 2017
100 1 _aAkıntürk, Turgut
_eauthor
_958392
245 1 0 _aTürk medenî hukuku :
_baile hukuku /
_cProf. Dr. Turgut Akıntürk, Yrd. Doç. Dr. Derya Ateş.
250 _aYenilenmiş 20. bası
264 1 _aİstanbul:
_bBeta Basım Yayım,
_c2017.
300 _axlvi, 584 pages ;
_c24 cm
336 _atext
_btxt
_2rdacontent
337 _aunmediated
_bn
_2rdamedia
338 _avolume
_bnc
_2rdacarrier
490 0 _aBeta ;
_v3588
_aHukuk dizisi ;
_v1769
504 _aIncludes bibliographical references and index.
505 1 0 _gcilt 2.
_tAile hukuku.
650 7 _980794
_aAile hukuku
_zTürkiye
_2etutukob
650 7 _aMedeni hukuk
_zTürkiye
_2etuturkob
_97805
700 _aAteş, Derya
_eauthor
_9111186
942 _2lcc
_cBK